00529nam a2200193 a 4500001001300000003000900013005001700022008004100039020000900080082001500089100002500104245005100129260005400180300000900234500003500243505001000278650002200288700002500310nice12345678IN_TiNIC20260116013313.0050524s1999 newa grp 000 0 eng  ac8000a297.7bSHA aShaikh, Wahid Bakhsh aEducation Based on the Teachings of Holy Quran aNew Delhi bAdam Publisher and Distributer c1999 a129p aincludes index and biblioraphy2 aNotes aIslamic-Education1 aShaikh, Wahid Bakhsh